| Поле | Название | Значение |
| |
Тип записи |
a |
| |
Библиографический уровень |
m |
| 001 |
Контрольный номер |
SKBR/e0b86698-a454-41ac-9986-6ab47e4948c4 |
| 005 |
Дата корректировки |
20260529142559.5 |
| 010 |
Индекс ISBN |
__ |
| a |
ISBN |
978-5-9765-4954-8 |
| 9 |
Тираж |
100 экз. |
| 035 |
Другие системные номера |
__ |
| a |
Идентификатор записи |
RU/Тюменская ОНБ/EKC/81/А 68-467353477 |
| 100 |
Данные общей обработки |
__ |
| a |
Данные общей обработки |
20260529d2025 k y0rusy028902 ca |
| 101 |
Язык документа |
0_ |
| a |
Язык текста |
rus |
| 102 |
Страна публикации |
__ |
| a |
Страна публикации |
RU |
| 105 |
Кодированные данные (монография) |
__ |
| a |
Кодированные данные (монография) |
y z 000yy |
| 181 |
Поле кодированных данных: вид содержания |
_0 |
| a |
Код вида содержания (ISBD) |
i |
| 182 |
Поле кодированных данных: тип средства |
_0 |
| a |
Код типа средства (ISBD) |
n |
| 200 |
Заглавие и сведения об ответственности |
1_ |
| a |
Заглавие |
Русская словесность |
| f |
Первые сведения об ответственности |
В. И. Аннушкин |
| e |
Сведения, относящиеся к заглавию |
история и современность |
| 203 |
Вид содержания и тип средства |
__ |
| a |
Вид содержания |
Текст |
| c |
Тип средства |
непосредственный |
| 205 |
Сведения об издании |
__ |
| a |
Основные сведения об издании |
4-е издание, стереотипное |
| 210 |
Выходные данные |
1_ |
| a |
Место издания |
Москва |
| c |
Издательство |
Флинта |
| d |
Дата издания |
2025 |
| 215 |
Физическое описание |
__ |
| a |
Объем |
186, [1] с. |
| d |
Формат |
21 см |
| 320 |
Библиография |
__ |
| a |
Библиография |
Библиография в подстрочных примечаниях |
| 330 |
Аннотация |
__ |
| a |
Аннотация |
Предлагаемая читателю книга представляет собой исследовательские материалы об истории и современном состоянии русской словесности, русского языка и культуры общения. Вместе с вопросами истории термина "словесность" и словесных наук автор анализирует современное положение дел в русском словесном образовании, высказывает конкретные предложения относительно его совершенствования. Книга адресована ученым-русистам, преподавателям русского языка и литературы, студентам филологических вузов и всем, кто неравнодушен к вопросам развития современного филологического образования в России. |
| 464 |
Аналитический уровень |
_0 |
| 1 |
|
2001 |
| a |
|
История слова словесность в русском языке и отечественной науке |
| 464 |
Аналитический уровень |
_0 |
| 1 |
|
2001 |
| a |
|
Термин "словесность" - творческое изобретение русского гения |
| 464 |
Аналитический уровень |
_0 |
| 1 |
|
2001 |
| a |
|
Ранняя история "словесности" в первой половине XIX века |
| 464 |
Аналитический уровень |
_0 |
| 1 |
|
2001 |
| a |
|
Н. В. Гоголь и В. Г. Белинский о словесности |
| 464 |
Аналитический уровень |
_0 |
| 1 |
|
2001 |
| a |
|
Пореформенная история термина "словесность" (1860-1917) |
| 464 |
Аналитический уровень |
_0 |
| 1 |
|
2001 |
| a |
|
Термин "словесность" в советское время |
| 464 |
Аналитический уровень |
_0 |
| 1 |
|
2001 |
| a |
|
История русской филологии и периодизация курсов теории словесности |
| 464 |
Аналитический уровень |
_0 |
| 1 |
|
2001 |
| a |
|
Взгляды М. В. Ломоносова на термины "язык", "речь", "слово" и "словесные науки" в перспективе современных исследований |
| 464 |
Аналитический уровень |
_0 |
| 1 |
|
2001 |
| a |
|
Философия слова М. В. Ломоносова |
| 464 |
Аналитический уровень |
_0 |
| 1 |
|
2001 |
| a |
|
Ломоносовская классификация "словесных наук" |
| 464 |
Аналитический уровень |
_0 |
| 1 |
|
2001 |
| a |
|
О смысле риторики в трудах Ломоносова |
| 464 |
Аналитический уровень |
_0 |
| 1 |
|
2001 |
| a |
|
Текстологические источники "Краткого руководства к красноречию" М. В. Ломоносова |
| 464 |
Аналитический уровень |
_0 |
| 1 |
|
2001 |
| a |
|
Современная словесность как научный термин и учебный предмет |
| 464 |
Аналитический уровень |
_0 |
| 1 |
|
2001 |
| a |
|
Словесность в современной филологической науке |
| 464 |
Аналитический уровень |
_0 |
| 1 |
|
2001 |
| a |
|
Историко-культурный опыт классификации видов и жанров словесности: на подступах к современности |
| 464 |
Аналитический уровень |
_0 |
| 1 |
|
2001 |
| a |
|
Современная классификация видов словесности и задачи их изучения |
| 464 |
Аналитический уровень |
_0 |
| 1 |
|
2001 |
| a |
|
Устная дописьменная словесность |
| 464 |
Аналитический уровень |
_0 |
| 1 |
|
2001 |
| a |
|
Язык семьи и семейная словесность |
| 464 |
Аналитический уровень |
_0 |
| 1 |
|
2001 |
| a |
|
Семейный фольклор как культурный феномен речевого общения |
| 464 |
Аналитический уровень |
_0 |
| 1 |
|
2001 |
| a |
|
Современная публицистика о семейном и любовном диалоге |
| 464 |
Аналитический уровень |
_0 |
| 1 |
|
2001 |
| a |
|
Современный христианский брак и язык семьи |
| 464 |
Аналитический уровень |
_0 |
| 1 |
|
2001 |
| a |
|
Письменная словесность |
| 464 |
Аналитический уровень |
_0 |
| 1 |
|
2001 |
| a |
|
Письменная словесность как технология и культура |
| 464 |
Аналитический уровень |
_0 |
| 1 |
|
2001 |
| a |
|
Документальная словесность (деловая письменность) |
| 464 |
Аналитический уровень |
_0 |
| 1 |
|
2001 |
| a |
|
Сочинения как вид словесности |
| 464 |
Аналитический уровень |
_0 |
| 1 |
|
2001 |
| a |
|
Устно-письменная словесность ораторика - гомилетика - сценическая речь |
| 464 |
Аналитический уровень |
_0 |
| 1 |
|
2001 |
| a |
|
Ораторское искусство в современной словесности |
| 464 |
Аналитический уровень |
_0 |
| 1 |
|
2001 |
| a |
|
Эпидейктическая (показательная) речь |
| 464 |
Аналитический уровень |
_0 |
| 1 |
|
2001 |
| a |
|
Совещательная речь |
| 464 |
Аналитический уровень |
_0 |
| 1 |
|
2001 |
| a |
|
Судебная речь |
| 464 |
Аналитический уровень |
_0 |
| 1 |
|
2001 |
| a |
|
Учебная словесность |
| 464 |
Аналитический уровень |
_0 |
| 1 |
|
2001 |
| a |
|
Церковная словесность |
| 464 |
Аналитический уровень |
_0 |
| 1 |
|
2001 |
| a |
|
Пропагандистская словесность |
| 464 |
Аналитический уровень |
_0 |
| 1 |
|
2001 |
| a |
|
Сценическая речь и театральная словесность |
| 464 |
Аналитический уровень |
_0 |
| 1 |
|
2001 |
| a |
|
Печатная словесность: научная словесность - художественная литература - публицистическая словесность |
| 464 |
Аналитический уровень |
_0 |
| 1 |
|
2001 |
| a |
|
Историческая классификация жанров научной словесности |
| 464 |
Аналитический уровень |
_0 |
| 1 |
|
2001 |
| a |
|
Современная классификация жанров научной и учебной прозы |
| 464 |
Аналитический уровень |
_0 |
| 1 |
|
2001 |
| a |
|
Художественная словесность |
| 464 |
Аналитический уровень |
_0 |
| 1 |
|
2001 |
| a |
|
Философия слова и образцы современной художественной словесности |
| 464 |
Аналитический уровень |
_0 |
| 1 |
|
2001 |
| a |
|
Публицистическая словесность |
| 464 |
Аналитический уровень |
_0 |
| 1 |
|
2001 |
| a |
|
Медиасловесность: СМИ и Интернет |
| 464 |
Аналитический уровень |
_0 |
| 1 |
|
2001 |
| a |
|
Современное радио: тенденции развития |
| 464 |
Аналитический уровень |
_0 |
| 1 |
|
2001 |
| a |
|
Современное телевидение как феномен словесности |
| 464 |
Аналитический уровень |
_0 |
| 1 |
|
2001 |
| a |
|
Кино как словесное искусство |
| 464 |
Аналитический уровень |
_0 |
| 1 |
|
2001 |
| a |
|
Интернет как явление культуры |
| 464 |
Аналитический уровень |
_0 |
| 1 |
|
2001 |
| a |
|
Медиакоммуникация и медиариторика как новые виды словесности |
| 606 |
Тематические рубрики |
__ |
| a |
Основная рубрика |
Языкознание |
| 2 |
Код системы |
nlr_sh |
| 606 |
Тематические рубрики |
__ |
| a |
Основная рубрика |
Русский язык |
| 2 |
Код системы |
nlr_sh |
| 610 |
Ключевые слова |
0_ |
| a |
Ключевые слова |
русская словесность |
| 610 |
Ключевые слова |
0_ |
| a |
Ключевые слова |
русский язык |
| 610 |
Ключевые слова |
0_ |
| a |
Ключевые слова |
русская речь |
| 610 |
Ключевые слова |
0_ |
| a |
Ключевые слова |
риторика |
| 610 |
Ключевые слова |
0_ |
| a |
Ключевые слова |
современная словесность |
| 610 |
Ключевые слова |
0_ |
| a |
Ключевые слова |
дописьменная словесность |
| 610 |
Ключевые слова |
0_ |
| a |
Ключевые слова |
письменная словесность |
| 610 |
Ключевые слова |
0_ |
| a |
Ключевые слова |
ораторика |
| 610 |
Ключевые слова |
0_ |
| a |
Ключевые слова |
гомилетика |
| 610 |
Ключевые слова |
0_ |
| a |
Ключевые слова |
научная словесность |
| 610 |
Ключевые слова |
0_ |
| a |
Ключевые слова |
художественная словесность |
| 610 |
Ключевые слова |
0_ |
| a |
Ключевые слова |
публицистическая словесность |
| 610 |
Ключевые слова |
0_ |
| a |
Ключевые слова |
медиасловесность |
| 610 |
Ключевые слова |
0_ |
| a |
Ключевые слова |
стилистика языка |
| 610 |
Ключевые слова |
0_ |
| a |
Ключевые слова |
стили речи |
| 686 |
Индексы других классификаций |
__ |
| 2 |
Код системы |
rubbks |
| a |
Классификационный индекс |
81.411.2-5 |
| 700 |
Автор |
_1 |
| a |
Фамилия |
Аннушкин |
| b |
Имя |
В. И. |
| g |
Полное личное имя |
Владимир Иванович |
| f |
Даты |
1949- |
| 4 |
Код отношения |
070 |
| 801 |
Источник записи |
_2 |
| b |
Организация |
Тюменская ОНБ |
| a |
Страна |
RU |
| c |
Дата составления |
20220601 |
| g |
Правила каталогизации |
PSBO |
| 801 |
Источник записи |
_1 |
| b |
Организация |
Тюменская ОНБ |
| a |
Страна |
RU |
| c |
Дата составления |
20220606 |
| g |
Правила каталогизации |
PSBO |
| 852 |
Данные о местонахождении |
__ |
| i |
Авторский знак |
А 68 |
| j |
Шифр хранения |
81.411.2-5 |
| 901 |
Тип документа |
__ |
| a |
Ответственный |
КиК/Обаева |
| t |
Тип документа |
m |
| 901 |
Тип документа |
__ |
| a |
Ответственный |
без партии |
| 903 |
Характеристики (МАРС) |
__ |
| a |
Дата передачи |
20260529 |
| c |
Наименование библиотеки (МАРС) |
Муниципальное бюджетное учреждение культуры "Централизованная библиотечная система" г. Сургут (Центральная городская библиотека им. А. С. Пушкина) |
| 969 |
Тип издания |
__ |
| a |
Тип издания |
Ф 26 |
| a |
Тип издания |
научное издание |